[Event "Split op 4th"]
[Site "Split"]
[Date "2010.04.30"]
[Round "1"]
[White "Cokaric, Andjelko"]
[Black "Sale, Srdjan"]
[Result "0-1"]
[WhiteElo "1754"]
[BlackElo "2396"]
[PlyCount "126"]
[EventDate "2010.04.30"]
[EventType "swiss"]
[EventRounds "9"]
[EventCountry "CRO"]
[SourceTitle "EXT 2011"]
[Source "ChessBase"]
[SourceDate "2010.11.26"]
[SourceVersion "1"]
[SourceVersionDate "2010.11.26"]
[SourceQuality "1"]

1. d4 Nf6 2. Bf4 g6 3. e3 Bg7 4. Nf3 0-0 5. Be2 d6 6. 0-0 c5 7. c3 Be6 8. Nbd2 Qb6 9. Qc1 Nh5 10. Bg5 Nc6 11. Bc4 d5 12. Bb3 h6 13. Bh4 g5 14. Bg3 Rac8 15. Bc2 Rfd8 16. Nb3 Nxg3 17. hxg3 cxd4 18. Nbxd4 Bd7 19. Rb1 e6 20. Qd1 g4 21. Nh4 Ne5 22. Re1 f5 23. Qe2 Be8 24. Kh1 Bf7 25. f3 Qc7 26. Qf2 h5 27. e4 fxe4 28. fxe4 Nc4 29. exd5 Bxd4 30. Qxd4 e5 31. Qf2 Bxd5 32. Qf5 Qg7 33. Qxh5 Rc6 34. Nf5 Qh8 35. Ne7+ Kg7 36. Qxh8+ Rxh8+ 37. Kg1 Rc5 38. Rbd1 Be6 39. b3 Nb6 40. c4 Kf6 41. Ng6 Rh6 42. Rf1+ Kg7 43. Ne7 Rf6 44. Rd6 Rc7 45. Rxf6 Kxf6 46. Nf5 Nc8 47. Rxe6+ Kxe6 48. Ne3 Nd6 49. Nxg4 Rg7 50. Ne3 Rxg3 51. Kf2 Rg7 52. g4 Rf7+ 53. Kg3 e4 54. Nd1 Rf3+ 55. Kg2 Ke5 56. Nf2 Rc3 57. Bd1 b6 58. g5 Kf5 59. Nh3 Nf7 60. g6 Kxg6 61. Nf4+ Kf5 62. Nd5 Rd3 63. Bh5 Ne5 0-1

[Event "Stobrec op"]
[Site "Stobrec"]
[Date "2008.07.26"]
[Round "1"]
[White "Curic, Drazen"]
[Black "Cokaric, Andjelko"]
[Result "1-0"]
[WhiteElo "2195"]
[BlackElo "1781"]
[PlyCount "43"]
[EventDate "2008.07.26"]
[EventType "swiss"]
[EventRounds "7"]
[EventCountry "CRO"]
[SourceTitle "EXT 2009"]
[Source "ChessBase"]
[SourceDate "2008.11.26"]
[SourceVersion "1"]
[SourceVersionDate "2008.11.26"]
[SourceQuality "1"]

1. e4 e6 2. d4 d5 3. Nd2 Nf6 4. e5 Nfd7 5. Bd3 c5 6. c3 Nc6 7. Ne2 Be7 8. Nf3 cxd4 9. cxd4 Nf8 10. h4 Ng6 11. h5 Nh4 12. Nxh4 Bxh4 13. Nc3 Be7 14. Qg4 Bf8 15. 0-0 f5 16. exf6 Qxf6 17. Re1 Be7 18. Re5 Nxe5 19. dxe5 Qf7 20. Bb5+ Kd8 21. Be3 g6 22. Qa4 1-0

[Event "Epetium op"]
[Site "Stobrec"]
[Date "2006.08.18"]
[Round "6"]
[White "Cokaric, Andjelko"]
[Black "Batinic, Josip"]
[Result "1/2-1/2"]
[WhiteElo "1787"]
[BlackElo "1919"]
[PlyCount "81"]
[EventDate "2006.08.11"]
[EventType "swiss"]
[EventRounds "7"]
[EventCountry "CRO"]
[SourceTitle "EXT 2007"]
[Source "ChessBase"]
[SourceDate "2006.11.23"]
[SourceVersion "1"]
[SourceVersionDate "2006.11.23"]
[SourceQuality "1"]

1. d4 Nf6 2. c4 e6 3. Nc3 Bb4 4. a3 Bxc3+ 5. bxc3 c5 6. Nf3 0-0 7. Qc2 b6 8. Bg5 Bb7 9. e3 d6 10. Be2 Nbd7 11. 0-0 Qc7 12. Bd3 h6 13. Bh4 Rac8 14. Rfe1 cxd4 15. cxd4 b5 16. Rac1 Qa5 17. Qb3 Bxf3 18. gxf3 bxc4 19. Bxc4 Rb8 20. Qa2 Rb6 21. Rb1 Rfb8 22. Rec1 Rxb1 23. Rxb1 Rxb1+ 24. Qxb1 Qxa3 25. Qb7 Nb6 26. Ba6 g5 27. Bg3 Kg7 28. Qxa7 Nc4 29. Qb7 Nd2 30. Kg2 Nd5 31. Be2 Nc3 32. Qa6 Qxa6 33. Bxa6 d5 34. h4 gxh4 35. Bxh4 Nc4 36. Bg3 Na3 37. Bd3 Ncb5 38. Kh3 Nc4 39. Kg2 Na7 40. Kf1 Nb2 41. Ba6 1/2-1/2

[Event "Split Epetium op"]
[Site "Split"]
[Date "2005.08.12"]
[Round "1"]
[White "Milosavljevic, Jovan"]
[Black "Cokaric, Andjelko"]
[Result "1-0"]
[WhiteElo "2080"]
[BlackElo "2254"]
[PlyCount "85"]
[EventDate "2005.08.12"]
[EventType "swiss"]
[EventRounds "7"]
[EventCountry "CRO"]
[SourceTitle "EXT 2006"]
[Source "ChessBase"]
[SourceDate "2005.11.24"]
[SourceVersion "1"]
[SourceVersionDate "2005.11.24"]
[SourceQuality "1"]

1. d4 d5 2. c4 dxc4 3. Nc3 Nf6 4. Nf3 g6 5. g3 Bg7 6. Bg2 0-0 7. Ne5 Nbd7 8. Nxc4 Nb6 9. Na5 c6 10. 0-0 Re8 11. f4 Nbd5 12. Nc4 Qc7 13. e4 Nb6 14. Ne3 e6 15. e5 Nfd5 16. Ne4 Rd8 17. Qe2 Nd7 18. Bd2 Qb6 19. Bc3 Bf8 20. Kh1 Nxe3 21. Qxe3 a5 22. Rad1 Qa7 23. h4 b5 24. b3 Ba6 25. Rf2 Rac8 26. Bxa5 Re8 27. b4 Bb7 28. Rc1 Bh6 29. Nd6 Kf8 30. Rfc2 Nb8 31. Kh2 Bg7 32. g4 Ke7 33. Qf2 f5 34. gxf5 gxf5 35. h5 Bh6 36. Rc3 Rg8 37. Nxc8+ Rxc8 38. Qh4+ Kd7 39. Rc5 Bf8 40. Qf6 Be7 41. Qf7 Ba8 42. d5 exd5 43. Bh3 1-0